Nalaganje...
Endangered Economies : How the Neglect of Nature threatens Our Prosperity
| Glavni avtor: | |
|---|---|
| Format: | Printed Book |
| Izdano: |
Columbia University Press
2017
|
| LEADER | 00504nam a2200193 4500 | ||
|---|---|---|---|
| 020 | |||
| 082 | |a 338.927 HEA | ||
| 100 | |a Heal, Geoffrey | ||
| 245 | |a Endangered Economies : How the Neglect of Nature threatens Our Prosperity | ||
| 250 | |||
| 260 | |a Columbia University Press |c 2017 | ||
| 300 | |||
| 490 | |||
| 500 | |||
| 590 | |||
| 650 | |||
| 942 | |c BK | ||
| 999 | |c 117804 |d 117804 | ||
| 952 | |0 0 |1 0 |4 0 |6 338_927000000000000_HEA |7 0 |9 131271 |a ECN |b ECN |l 0 |o 338.927 HEA |p ECN14869 |r 2019-09-25 |w 2019-09-25 |y BK | ||